000 00540nam a2200193Ia 4500
005 20250326144809.0
008 250326s9999 xx 000 0 und d
020 _a0-19-567385-9
037 _aTextbook
040 _aFMSL
_beng
_cFMSL
041 _aeng
_2eng
084 _aX.1 P6
_qFMSL
100 _aJomo K S Ed.
245 0 _aLong twenthieth century : Globalization under hegemony
_cJomo K S Ed.
260 _aNew Delhi
_bNew Delhi, Oxford
_c2006
300 _axi,311
942 _cTB
_hX.1 P6
999 _c1305100
_d1305100